000 02562cam a2200253 4500
001 7280
005 20181127183313.0
008 070823s2008 enka b 001 0 eng
020 _a0230525687 (hbk.)
020 _a9780230525689 (hbk.)
082 0 4 _a332.15
_222
100 _aMolyneux, Philip
_b
_c
_d
_eeditor
_q
245 0 0 _aFrontiers of banks in a global economy /
_cedited by Philip Molyneux and Eleuterio Vallelado
260 _aBasingstoke ;
_aNew York :
_bPalgrave Macmillan,
_c2008
300 _axv, 260 p. :
_bill. ;
_c23 cm
440 0 _aPalgrave Macmillan studies in banking and financial institutions
504 _aIncludes bibliographical references and index
505 _aIntroduction / Philip Molyneux, Eleuterio Vallelado -- Banking mergers and acquisitions' performance in Europe / Rym Ayadi -- Cross-border bank M & A in emerging markets -- value creation or destruction? / Jonathan Williams, Angel Liao -- Bank capitol and loan pricing: implications of Basle II / Ted Lindblom, Magnus Olsson -- Capitol market frictions and bank lending in the EU / Yener Altunbas, David Marques, Balzhan Zhussupova -- Banks in the microfinance market / Mario La Torre, Gianfranco Vento -- Migants and financial services: which opportunities for financial innovation? / Luisa Anderloni, Daniela Vandone -- Deepening banking reforms of China to ensure sustainable growth in a global world / Rene van der Linden -- Efficiency and productivity change in Greek banking: methods and recent evidence / Georgios E. Chotareas, Claudia Girardone, Alexia Ventouri -- Electronic money use: evidence from survey data / David Pelilli.
_g
_r
_t
520 _aIn today's globalized economy, banking is of high international importance. This book brings together topical issues in banking such as reform in China, electronic money and loan pricing, and highlights key policy and research in the field. The contributions from International experts provide insights into contemporary global banking trends including studies on: the impact of M & A in European and Asian banking, Basel 2 and loan pricing, microfinance, financial services for migrants, bank efficiency, lending behavior of European banks and the impact of new technology in banking. With its extensive coverage of today's global banking issues, this book will be of interest to students, researchers and professional bankers alike.
650 0 _aBanks and banking, International
700 1 _aMolyneux, Philip
700 1 _aVallelado, Eleuterio
999 _c6204
_d6204